| 000 | 00582nam a2200169 a 4500 | ||
|---|---|---|---|
| 001 | ASIN8170081378 | ||
| 005 | 20140618000245.0 | ||
| 008 | 140618s2005 xxu eng d | ||
| 020 | _a8170081378 (paperback) | ||
| 020 | _a9788170081371 (paperback) | ||
| 100 | 1 | _aApparao, K.V.S. | |
| 245 | 1 | 0 |
_aSoil testing : _blaboratory manual and question bank / _cK.V.S. Apparao, V.C.S. Rao. |
| 260 |
_a[S.l.] : _bLaxmi Publications, _c2005. |
||
| 300 |
_a154 p. ; _c24 cm. |
||
| 700 | 1 | _aRao, V.C.S. | |
| 856 | 4 | 0 |
_3Amazon.com _uhttp://www.amazon.com/exec/obidos/ASIN/8170081378/chopaconline-20 |
| 999 |
_c7054 _d7054 |
||